| 000 | 02192nam a22004817a 4500 | ||
|---|---|---|---|
| 003 | CHAP | ||
| 005 | 20220329134301.0 | ||
| 008 | 971013s1957 r 00010 d | ||
| 010 | _a18102 | ||
| 011 | _a19074 | ||
| 035 | _a23159 | ||
| 040 | _cCHAP | ||
| 082 |
_a332.098 _bC45 |
||
| 110 |
_aCEMLA _920939 |
||
| 245 | _aAspectos monetarios de las economías latinoamericanas, 1956- | ||
| 260 |
_aMéxico, D.F. : _bEl centro, _c1957- |
||
| 300 | _av. | ||
| 500 | _aLa biblioteca tiene: 1956, 1957, 1958, 1959, 1960, 1961 | ||
| 590 |
_aBATCH-UPD _b10 _c20130110 _lUCH01 _h0130 |
||
| 590 |
_aBATCH-UPD _b10 _c20130110 _lUCH01 _h2044 |
||
| 590 |
_aBATCH-UPD _b10 _c20130410 _lUCH01 _h1358 |
||
| 590 |
_aBATCH-UPD _b10 _c20130914 _lUCH01 _h1408 |
||
| 590 |
_aCONVERSION _b10 _c20130109 _lUCH01 _h1311 |
||
| 650 | 1 | 4 |
_aAmerica Latina _xCondiciones economicas. _95390 |
| 650 | 1 | 4 |
_aFinanzas _xAmérica Latina. _940931 |
| 700 | 0 |
_aSumberg, Theodore A. _9110640 |
|
| 901 | _aBK | ||
| 942 | _cLIBRO | ||
| 949 |
_a332.098 C45 1960 _bBC _cLIBRO _d33724000336996 _eLIBRO _fc.4 _h3084 _i23159 _sb |
||
| 949 |
_a332.098 C45 _bBC _cLIBRO _d33724000326195 _eLIBRO _f1961 _h14022 _i23159 _si |
||
| 949 |
_a332.098 C45 _bBC _cLIBRO _d33724000326203 _eLIBRO _f1960 c.3 _h2678 _i23159 _si |
||
| 949 |
_a332.098 C45 _bBC _cLIBRO _d33724000326211 _eLIBRO _f1959 c.3 _h2675 _i23159 _si |
||
| 949 |
_a332.098 C45 _bBC _cLIBRO _d33724000326229 _eLIBRO _f1959 c.2 _h2674 _i23159 _si |
||
| 949 |
_a332.098 C45 _bBC _cLIBRO _d33724000326237 _eLIBRO _f1959 _h2673 _i23159 _si |
||
| 949 |
_a332.098 C45 _bBC _cLIBRO _d33724000326245 _eLIBRO _f1958 c.2 _h2671 _i23159 _si |
||
| 949 |
_a332.098 C45 _bBC _cLIBRO _d33724000326252 _eLIBRO _f1958 _h2670 _i23159 _si |
||
| 949 |
_a332.098 C45 _bBC _cLIBRO _d33724000326260 _eLIBRO _f1958 c.3 _h2672 _i23159 _si |
||
| 949 |
_a332.098 C45 _bBC _cLIBRO _d33724000326278 _eLIBRO _f1957 _h2669 _i23159 _si |
||
| 949 |
_a332.098 C45 _bBC _cLIBRO _d33724000326286 _eLIBRO _f1956 _h2668 _i23159 _si |
||
| 949 |
_a332.098 C45 _bBC _cLIBRO _d33724000327896 _eLIBRO _f1960 c.2 _h2677 _i23159 _si |
||
| 949 |
_a332.098 C45 _bBC _cLIBRO _d33724000328563 _eLIBRO _f1960 _h2676 _i23159 _si |
||
| 949 |
_a332.098 C45 _bBC _cLIBRO _d33724000345013 _eLIBRO _f1961 C.2 _h3085 _i23159 _si |
||
| 999 |
_c18102 _d18102 |
||